00430 a2200097 4500001001000000005001700010008004100027245009500068100004900163773012000212ART_1566520260410161918.0260409a 10aConfiabilidad sobre información contable social y ambiental. Estado de situación 2011.1 aRodríguez de Ramírez, María del Carmen0 tDocumentos de trabajo de contabilidad, auditoría y responsabilidad socialg- Año 2, Nº 4 (dic. 2012)wREV14385